| 000 | 01104cam a2200313 a 4500 | ||
|---|---|---|---|
| 001 | 17400807 | ||
| 003 | NUST | ||
| 005 | 20220806144259.0 | ||
| 008 | 120725s2013 nyua 000 f eng | ||
| 010 | _a 2012027409 | ||
| 020 | _a9780061950728 (pbk.) | ||
| 020 | _a9780062101204 (ebook) | ||
| 038 | _aAzhar | ||
| 040 |
_aDLC _cDLC _dDLC |
||
| 042 | _apcc | ||
| 050 | 0 | 0 |
_aPS3561.L478 _bO77 2013 |
| 082 | 0 | 0 |
_a813.54 _223 _bKLI |
| 100 | 1 |
_aKline, Christina Baker, _d1964- _996557 |
|
| 245 | 1 | 0 |
_aOrphan train : _ba novel _cChristina Baker Kline. |
| 250 | _a1st ed. | ||
| 260 |
_aNew York : _bWilliam Morrow, _cc2013. |
||
| 300 |
_a278 p. : _bill. ; _c21 cm. |
||
| 650 | 0 |
_aWomen _vFiction. _995410 |
|
| 650 | 0 |
_aOrphan trains _vFiction. _996558 |
|
| 650 | 0 |
_aFemale friendship _vFiction. |
|
| 906 |
_a7 _bcbc _corignew _d1 _eecip _f20 _gy-gencatlg |
||
| 942 |
_2ddc _cLC |
||
| 999 |
_c590785 _d590785 |
||